MSM Monsters on Light Island - Statistics

General Stats
  • This quiz has been taken 31 times
  • The average score is 14 of 15
Answer Stats
Elements Monster % Correct
Light Fluoress
100%
Plant, Cold Furcorn
100%
Fire Kayna
100%
Cold Mammott
100%
Plant Potbelly
100%
Cold, Fire Boskus
96%
Plant, Fire Flowah
96%
Plant, Light Gob
92%
Plant, Cold, Fire, Light Blow't
88%
Cold, Fire, Light Fiddlement
85%
Plant, Cold, Fire Sooza
85%
Plant, Cold, Light Spytrap
85%
Fire, Light Pluckbill
81%
Cold, Light Bulbo
77%
Plant, Fire, Light TooToo
77%
No matching quizzes found
Score Distribution
Percent of People with Each Score
Percentile by Number Answered
Your Score History
You have not taken this quiz